E-Mail Essentials

Saved in:
Bibliographic Details
Main Author: Tittel, Ed
Other Authors: Robbins, Margaret
Format: Book
Language:English
Published: Boston AP Professional 1994
Edition:1. ed.
Subjects:
Tags: Add Tag
No Tags, Be the first to tag this record!

MARC

LEADER 00000nam a2200000 4500
001 c013012
005 20221205140514.2
020 |a 0-12-691397-8 
041 0 |a eng 
044 |a US 
245 1 0 |a E-Mail Essentials  |c Ed Tittel, Margaret Robbins 
250 |a 1. ed. 
264 1 |a Boston  |b AP Professional  |c 1994 
300 |a 298 s. 
610 2 0 |a pošta elektronická 
610 2 0 |a komunikácia 
610 2 0 |a pošty 
100 1 |a Tittel, Ed 
700 1 |a Robbins, Margaret